Statistics for All Mario Kart Characters

Click here to take the quiz!

General Stats

  • This quiz has been taken 175 times
  • The average score is 30 of 43

Answer Stats

Older VersionsDS/DDWii3DSWii UAnswer% Correct
xxxxxLuigi
100%
xxxxxMario
100%
xxxxxPeach
94%
xxxxxBowser
92%
x (Not SNES)xxxxDonkey Kong
92%
x (Not SNES)xxxxWario
92%
xxxxxToad
89%
xxxxxYoshi
86%
xxxxWaluigi
85%
xxxxDaisy
84%
x (DD Only)xxBaby Luigi
83%
x (DD Only)xxBaby Mario
83%
xxBaby Peach
82%
x (DD Only)xDiddy Kong
82%
x (DD Only)xxBowser Jr.
81%
xxBaby Daisy
79%
x (SNES Only)x (DD OnlyxxxKoopa Troopa
79%
xxxRosalina
79%
x (DD Only)xxToadette
76%
x (DD Only)xKing Boo
72%
xBaby Rosalina
68%
x (DD Only)xBirdo
68%
x (DS Only)xDry Bones
67%
x (DS Only)xxShy Guy
66%
xWendy
66%
xFunky Kong
65%
xDry Bowser
62%
xLemmy
61%
xLudwig
61%
xMorton
61%
xxxMii
59%
xRoy
59%
xIggy
58%
xLarry
58%
xxMetal Mario
57%
x (SNES Only)Donkey Kong Jr.
54%
x (DS Only)R.O.B.
50%
xxLakitu
47%
x (DD Only)Paratroopa
46%
xWiggler
46%
xPink Gold Peach
45%
xHoney Queen
44%
x (DD Only)Petey Pirahna
19%

Score Distribution

Percentile by Number Answered

Percent of People with Each Score

Your Score History

You have not taken this quiz